| 000 | 01113nam a22002537a 4500 | ||
|---|---|---|---|
| 005 | 20170124102934.0 | ||
| 010 | _aA-771641 | ||
| 020 | _c150.00 | ||
| 035 | _aA-771641 | ||
| 037 | _bCen Lib/Ret | ||
| 040 |
_aDPL _bHN |
||
| 082 |
_a730.954 _bवर्मा |
||
| 100 |
_aवर्मा, महेंद्र _945943 |
||
| 245 |
_aप्राचीन भारत की वास्तु कला / _cमहेंद्र वर्मा |
||
| 246 |
_aprachin bharat ki vastu kala _bby Mahendra varma |
||
| 260 |
_aनई दिल्ली _bआर्य बुक डिपो _c1996 |
||
| 270 |
_a30,नाई वाला करोलबाग _bनई दिल्ली _e110005 |
||
| 300 |
_a222पृष्ठ. : _bचित्र. _c19सेमी (सजिल्द ) |
||
| 650 |
_aसिन्धु सभ्यता -मोहन जोदडो _945944 |
||
| 650 |
_aभारतीय संस्कृति _945945 |
||
| 650 |
_aIndus civilization -mohn Joddo _945946 |
||
| 650 |
_aIndian Culture _93853 |
||
| 942 |
_2ddc _cHN _h730.954 _mवर्मा |
||
| 999 |
_c112107 _d112107 |
||